000 00566nam a22001817a 4500
082 _a658.4013
_bMES
_cDON
100 _aE-in-C's Branch GHQ Rwp
_942235
245 _aReport by Director Inspection & Evaluation.
260 _aRwp
_bE-in-C's Branch GHQ Rwp
_c2004
300 _a64 p.
526 _a0
_b0
_c0
_d658_401300000000000_MES
526 _a0
_b0
_c0
_d658_401300000000000_MES
526 _a0
_b0
_c0
_d658_401300000000000_MES
526 _a0
_b0
_c0
_d658_401300000000000_MES
526 _a0
_b0
_c0
_d658_401300000000000_MES
650 _aMCE
_9379
942 _2ddc
_cBK
999 _c549970
_d549970